Âm thanh lập thể : Nguyên lý và công nghệ

Nội dung giới thiệu nguyên lý và công nghệ chuyển tải âm thanh lập thể: trường âm, nguồn âm, công nghệ thu thanh lập thể, xử lý tín hiệu âm thanh số.

সংরক্ষণ করুন:
গ্রন্থ-পঞ্জীর বিবরন
প্রধান লেখক: Trần, Công Chí
বিন্যাস: গ্রন্থ
ভাষা:Undetermined
প্রকাশিত: Hà Nội Khoa học và Kỹ thuật 1999
বিষয়গুলি:
ট্যাগগুলো: ট্যাগ যুক্ত করুন
কোনো ট্যাগ নেই, প্রথমজন হিসাবে ট্যাগ করুন!
Thư viện lưu trữ: Trung tâm Học liệu Trường Đại học Cần Thơ
LEADER 00845nam a2200217Ia 4500
001 CTU_36725
008 210402s9999 xx 000 0 und d
082 |a 534 
082 |b Ch300 
100 |a Trần, Công Chí 
245 0 |a Âm thanh lập thể : 
245 0 |b Nguyên lý và công nghệ 
245 0 |c Trần Công Chí 
260 |a Hà Nội 
260 |b Khoa học và Kỹ thuật 
260 |c 1999 
520 |a Nội dung giới thiệu nguyên lý và công nghệ chuyển tải âm thanh lập thể: trường âm, nguồn âm, công nghệ thu thanh lập thể, xử lý tín hiệu âm thanh số. 
650 |a Music,Sound 
650 |x Acoustics and physics 
904 |i Trọng Hải 
980 |a Trung tâm Học liệu Trường Đại học Cần Thơ